| 000 | 00818nam a22002897a 4500 | ||
|---|---|---|---|
| 003 | CHAP | ||
| 005 | 20220329140050.0 | ||
| 008 | 971013s1966 r 00010 d | ||
| 010 | _a46434 | ||
| 011 | _a47406 | ||
| 035 | _a51548 | ||
| 040 | _cCHAP | ||
| 090 | _aFolleto 263 | ||
| 100 | 0 | 0 |
_aThome, Joseph R. _9112871 |
| 245 | _aWater regulation and land use; a Colombian example | ||
| 260 |
_aMadison : _bLand Tenure Center, _c1966 |
||
| 300 | _a22 p. | ||
| 490 |
_aLTC _v; 15 |
||
| 590 |
_aBATCH-UPD _b10 _c20130110 _lUCH01 _h2233 |
||
| 590 |
_aCONVERSION _b10 _c20130109 _lUCH01 _h1325 |
||
| 650 | 1 | 4 |
_aAgua _xLeyes _xColombia. _92386 |
| 650 | 1 | 4 |
_aTierras _xTenencia _xColombia. _9113153 |
| 830 | 0 |
_aLTC _v; 15 _968830 |
|
| 901 | _aBK | ||
| 942 | _cFOLL | ||
| 949 |
_aFolleto 263 _bBC _cFOLL _d-115225 _eTS1 _i51548 _si |
||
| 999 |
_c46434 _d46434 |
||